| Tag |
First Indicator |
Second Indicator |
Subfields |
| LEADER |
00000cam a2200000Ma 4500 |
| 001 |
in00002784216 |
| 005 |
20151202171801.0 |
| 008 |
100825s2011 xna a 000 1 eng |
| 010 |
|
|
|a 2012453154
|
| 019 |
|
|
|a 727889299
|a 752654066
|
| 020 |
|
|
|z 9781741694057 (hbk)
|
| 020 |
|
|
|a 9781741698909 (pbk.)
|
| 020 |
|
|
|a 1741698901 (pbk.)
|
| 020 |
|
|
|a 9781865044057 (hbk.)
|
| 020 |
|
|
|a 1865044059 (hbk.)
|
| 035 |
|
|
|a (OCoLC)ocn662303703
|
| 040 |
|
|
|a AU@
|c AU@
|d YDX
|d UtOrBLW
|
| 049 |
|
|
|a TXAM
|
| 050 |
|
4 |
|a PZ7.B61135
|b Ru 2011
|
| 082 |
0 |
|
|a A823.4
|2 22
|
| 100 |
1 |
|
|a Bland, Nick,
|d 1973-
|
| 245 |
1 |
4 |
|a The runaway hug /
|c Nick Bland & Freya Blackwood.
|
| 264 |
|
1 |
|a Gosford, N.S.W. :
|b Scholastic Australia,
|c 2011.
|
| 300 |
|
|
|a 1 volume (unpaged) :
|b color illustrations ;
|c 29 cm.
|
| 336 |
|
|
|a text
|b txt
|2 rdacontent
|
| 337 |
|
|
|a unmediated
|b n
|2 rdamedia
|
| 338 |
|
|
|a volume
|b nc
|2 rdacarrier
|
| 650 |
|
0 |
|a Hugging
|v Juvenile fiction.
|
| 700 |
1 |
|
|a Blackwood, Freya.
|
| 945 |
|
|
|a PromptCat
|b 125046
|
| 946 |
|
|
|a curr
|
| 947 |
|
|
|a A14835937988
|
| 948 |
|
|
|a cataloged
|b h
|c 2012/12/13
|d c
|e dmitchel
|f 9:10:20 am
|
| 994 |
|
|
|a 92
|b TXA
|
| 999 |
|
|
|a MARS
|
| 999 |
f |
f |
|s 2ad4e003-cfe5-31da-8d3b-7a190dfca0df
|i 4dba2ce4-6186-39b0-baa9-8d7a656e5160
|t 0
|
| 952 |
f |
f |
|p normal
|a Texas A&M University
|b College Station
|c Sterling C. Evans Library
|d Evans: Curriculum Collection (4th floor)
|t 0
|e PZ7.B61135 Ru 2011
|h Library of Congress classification
|i unmediated -- volume
|m A14835937988
|
| 998 |
f |
f |
|a PZ7.B61135 Ru 2011
|t 0
|l Evans: Curriculum Collection (4th floor)
|